One Direction - Statistics

General Stats
  • This quiz has been taken 1,291 times
  • The average score is 8 of 12
Answer Stats
Hint Answer % Correct
who likes cats harry
99%
who likes toy story liam
98%
who likes carrots louis
98%
who likes nandos niall
98%
who likes mirrors zayn
97%
what was the name of there first album up all night
77%
what was there first number 1 song what makes you beautiful
76%
when is louis birthday december 24
63%
when is nialls birthday september 13
40%
when is harrys birhday febuary 1
20%
when is liams birthday august 20
6%
five boys louis, harry,zayn,niall,liam
1%
No matching quizzes found
Score Distribution
Percent of People with Each Score
Percentile by Number Answered
Your Score History
You have not taken this quiz